La investigación social en la infancia hoy /

La autora realiza una invitación para la investigación al sector de los niños y adolescentes, resalta la dificultad que se tiene con esta población, pero explica la importancia y la necesidad de tocar aspectos no tratados con anterioridad. Además, expresa el impacto que ha ejercido en las investigac...

全面介绍

Guardado en:
书目详细资料
主要作者: Bournichón, María (Autor)
格式: 未知
语言:Spanish
主题:
标签: 添加标签
没有标签, 成为第一个标记此记录!

MARC

LEADER 00000 a2200000 04500
001 26065
003 cru CIDCACS/IIS
005 20210325144218.0
008 210325b ||||| |||| 00| 0 spa d
040 |c cru CRAI/IIS 
100 1 |a Bournichón, María  |9 9926  |e Autor 
245 1 3 |a La investigación social en la infancia hoy /  |c María Bournichón 
300 |a páginas 25-26 
520 |a La autora realiza una invitación para la investigación al sector de los niños y adolescentes, resalta la dificultad que se tiene con esta población, pero explica la importancia y la necesidad de tocar aspectos no tratados con anterioridad. Además, expresa el impacto que ha ejercido en las investigaciones la recopilación de información de los últimos diez años, que han realizado los Organismos Internacionales  
650 |a INVESTIGACION  
650 |a INVESTIGACION SOCIAL  
650 |a NECESIDADES DE INVESTIGACION  
650 |a NIÑOS  
650 |a DERECHOS DEL NIÑO  
700 |a   
942 |2 ddc  |c LI 
999 |c 11718  |d 11718 
773 0 |0 43626  |9 5231  |a Jornadas Internacionales de Investigación Social sobre Infancia y Adolescencia, la Convención de los derechos del Niño y las Prácticas Sociales.  |d Córdoba, Argentina : UNICEF; Fundación Antorchas; Fundación INCIDE; Municipalidad de Córdoba ; Colegio de Profesionales de Trabajo Social de Córdoba ; Colegio de Escribanos de la Provincia de Cordoba, 2000  |o 21150  |t Ponencias /